The Victorian and Edwardian home from old photographs /

Bibliographic Details
Main Author: Calder, Jenni
Format: Book
Language:English
Published: London : Batsford, 1979.
Subjects:

MARC

Tag First Indicator Second Indicator Subfields
LEADER 00000cam a2200000 a 4500
001 in00000073889
005 20151008054734.0
008 790712s1979 enka 00010 engm
010 |a  79308321  
015 |a GB*** 
020 |a 071340793X :  |c 4.95 
035 |a (OCoLC)05288310 
035 |9 AAJ1541AM 
040 |a DLC  |c DLC  |d m.c.  |d TXA  |d UtOrBLW 
043 |a e-uk--- 
049 |a TXAM  |c [1361406] 
050 0 0 |a HQ613  |b .C33 
082 0 |a 941.081/022/2 
100 1 |a Calder, Jenni. 
245 1 4 |a The Victorian and Edwardian home from old photographs /  |c Jenni Calder. 
264 1 |a London :  |b Batsford,  |c 1979. 
300 |a 120 unnumbered pages :  |b chiefly illustrations ;  |c 26 cm. 
336 |a text  |b txt  |2 rdacontent 
337 |a unmediated  |b n  |2 rdamedia 
338 |a volume  |b nc  |2 rdacarrier 
650 0 |a Home. 
650 0 |a Decoration and ornament  |x Victorian style  |z Great Britain. 
651 0 |a Great Britain  |x Social life and customs  |y 18th century. 
999 |a MARS 
999 f f |s 15d2b23a-4e60-3706-a826-93abef7d7cdb  |i 579dc6dd-d92a-31f2-878c-30e947179354  |t 0 
952 f f |p ric  |a Texas A&M University  |b Rellis Campus  |c Joint Library Facility  |d Remote Storage  |t 0  |e HQ613 .C33  |h Library of Congress classification  |i unmediated -- volume  |m A14806141990 
998 f f |a HQ613 .C33  |t 0  |l Remote Storage